Capitales aleatoires sur une carte - Statistiques

Statistiques générales
  • Ce quiz a été pris 28 fois
    25 depuis la dernière actualisation
  • Le résultat moyen est 70 sur 194
Réponses sur la Carte
Les réponses sont colorées sur une échelle allant du rouge au vert en fonction du pourcentage des utilisateurs qui les ont devinées à leur premier essai. Vous pouvez retrouver ces pourcentages ci-dessous.
 
Statistiques - réponses
Réponse % Correct
athènes
63%
jakarta
63%
londres
63%
manille
63%
sofia
63%
Alger
56%
amsterdam
56%
brasilia
56%
bruxelles
56%
bucarest
56%
Buenos Aires
56%
Canberra
56%
copenhague
56%
dublin
56%
helsinki
56%
katmandou
56%
madrid
56%
mexico
56%
moscou
56%
new delhi
56%
oslo
56%
ottawa
56%
pékin
56%
Pretoria
56%
rome
56%
Tirana
56%
tokyo
56%
washington
56%
ankara
50%
bagdad
50%
Berlin
50%
berne
50%
bogota
50%
kiev
50%
la valette
50%
le caire
50%
lima
50%
lisbonne
50%
ljubljana
50%
minsk
50%
monaco
50%
paris
50%
phnom penh
50%
prague
50%
pyongyang
50%
rabat
50%
reykjavik
50%
Riyad
50%
sarajevo
50%
séoul
50%
stockholm
50%
tbilissi
50%
téhéran
50%
tripoli
50%
tunis
50%
varsovie
50%
Vienne
50%
antananarivo
44%
bangkok
44%
belgrade
44%
bratislava
44%
budapest
44%
dakar
44%
damas
44%
djibouti
44%
guatemala
44%
hanoï
44%
la havane
44%
luxembourg
44%
montevideo
44%
nairobi
44%
oulan-bator
44%
panama
44%
quito
44%
santiago
44%
sri jayawardenapura kotte
44%
sucre
44%
vatican
44%
wellington
44%
zagreb
44%
addis-abeba
38%
amman
38%
Andorre-la-Vieille
38%
astana
38%
asuncion
38%
bamako
38%
beyrouth
38%
bissau
38%
caracas
38%
chisinau
38%
doha
38%
islamabad
38%
jerusalem
38%
Kaboul
38%
kinshasa
38%
koweït
38%
n'djamena
38%
nicosie
38%
nouakchott
38%
podgorica
38%
port-au-prince
38%
saint-marin
38%
san salvador
38%
sao tomé
38%
skopje
38%
taipei
38%
tallin
38%
thimphou
38%
vientiane
38%
vilnius
38%
yamoussoukro
38%
yaoundé
38%
bangui
31%
belmopan
31%
brazzaville
31%
Erevan
31%
khartoum
31%
kuala lumpur
31%
lilongwe
31%
Luanda
31%
Nassau
31%
praia
31%
sanaa
31%
singapour
31%
tegucigalpa
31%
victoria
31%
abou dabi
25%
asmara
25%
bichkek
25%
dacca
25%
dili
25%
djouba
25%
gaborone
25%
georgetown
25%
kampala
25%
kigali
25%
kingston
25%
lomé
25%
lusaka
25%
malé
25%
maseru
25%
monrovia
25%
moroni
25%
naypyidaw
25%
niamey
25%
ouagadougou
25%
paramaribo
25%
port d'espagne
25%
riga
25%
roseau
25%
san josé
25%
windhoek
25%
abuja
19%
accra
19%
Bakou
19%
bandar seri begawan
19%
banjul
19%
castries
19%
conakry
19%
douchanbé
19%
gitega
19%
harare
19%
libreville
19%
majuro
19%
malabo
19%
managua
19%
maputo
19%
mbabane
19%
mogadiscio
19%
palikir
19%
port-louis
19%
port moresby
19%
porto-novo
19%
port-vila
19%
Saint John's
19%
suva
19%
tachkent
19%
tarawa
19%
achgabat
13%
apia
13%
basseterre
13%
dodoma
13%
freetown
13%
funafuti
13%
honiara
13%
kingstown
13%
manama
13%
mascate
13%
ngerulmud
13%
nuku'alofa
13%
vaduz
13%
yaren
13%
bridgetown
6%
saint george's
0%
Aucun quiz correspondant
Distribution des résultats
% des personnes avec chaque résultat
Percentile par nombre de réponses
Votre historique - résultats
Vous n’avez pas pris ce quiz depuis la dernière actualisation